| 000 | 00572nam a22001937a 4500 | ||
|---|---|---|---|
| 005 | 20251108165020.0 | ||
| 008 | 250721s1986 xx 000 0 ara d | ||
| 082 | 1 | 4 | _a926.1/سلي |
| 100 | 1 | _aالجوادى، محمد محمد | |
| 245 | 1 | 0 | _aالدكتور سليمان عزمي / |
| 264 | 1 |
_aالقاهرة : _bالهيئة المصرية العامة للكتاب، _c1986. |
|
| 300 | _a125ص | ||
| 490 | 0 | _aأعلام العرب ؛ 121 | |
| 650 | 1 | 7 | _aالتراجم |
| 650 | 1 | 7 | _aالأطباء |
| 650 | 1 | 7 | _aالعرب |
| 942 |
_2ddc _cBK |
||
| 999 |
_c19948 _d19948 |
||